[Event "Pan American Intercollegiate-chT"]
[Site "Princeton"]
[Date "2012.12.27"]
[Round "1"]
[White "Sadorra, Julio Catalino"]
[Black "Cassidy, Brian H"]
[Result "1-0"]
[WhiteElo "2551"]
[BlackElo "2056"]
[PlyCount "63"]
[EventDate "2012.12.27"]
[EventType "team-swiss"]
[EventRounds "6"]
[EventCountry "USA"]
[SourceTitle "CBM 152 Extra"]
[Source "ChessBase"]
[SourceDate "2013.02.25"]
[SourceVersion "1"]
[SourceVersionDate "2013.02.25"]
[SourceQuality "1"]
[WhiteTeam "Dallas"]
[BlackTeam "Texas Tech II"]
[WhiteTeamCountry "USA"]
[BlackTeamCountry "USA"]

1. Nf3 Nf6 2. c4 e6 3. Nc3 d5 4. d4 c6 5. g3 Be7 6. Bg2 0-0 7. 0-0 Nbd7 8. b3 b6 9. Nd2 Bb7 10. e4 c5 11. e5 Ne8 12. cxd5 cxd4 13. d6 Bxg2 14. Kxg2 dxc3 15. dxe7 Qxe7 16. Nc4 b5 17. Ba3 b4 18. Bxb4 Qxb4 19. Qxd7 g6 20. Rac1 Ng7 21. Qd3 Rfd8 22. Qxc3 a5 23. g4 h5 24. h3 Qb7+ 25. Qf3 Qxf3+ 26. Kxf3 Rd3+ 27. Kg2 Ne8 28. Rfd1 Rxd1 29. Rxd1 f5 30. gxh5 gxh5 31. Rd7 a4 32. b4 1-0

[Event "Saint Louis SPICE Cup op 6th"]
[Site "Saint Louis"]
[Date "2012.10.17"]
[Round "4"]
[White "Kavutskiy, Konstantin"]
[Black "Cassidy, Brian H"]
[Result "1-0"]
[WhiteElo "2287"]
[BlackElo "2098"]
[PlyCount "129"]
[EventDate "2012.10.16"]
[EventType "swiss"]
[EventRounds "9"]
[EventCountry "USA"]
[SourceTitle "EXT 2013"]
[Source "ChessBase"]
[SourceDate "2012.11.22"]
[SourceVersion "1"]
[SourceVersionDate "2012.11.22"]
[SourceQuality "1"]

1. d4 Nf6 2. c4 e6 3. Nf3 d5 4. g3 Be7 5. Bg2 0-0 6. 0-0 c6 7. Qc2 Nbd7 8. Nbd2 b6 9. e4 c5 10. cxd5 exd5 11. e5 Ne8 12. Re1 Nc7 13. Nf1 Bb7 14. Ne3 Re8 15. Nf5 Bf8 16. h4 h6 17. h5 Ne6 18. Be3 Rc8 19. Qd2 Kh7 20. Bf1 cxd4 21. N5xd4 Ndc5 22. Nxe6 Nxe6 23. Nd4 Nc5 24. f4 Ne4 25. Qg2 Bc5 26. a3 a5 27. Rac1 Re7 28. Rcd1 Rec7 29. Qh3 Qe7 30. Qg4 Rg8 31. e6 g6 32. Bd3 gxh5 33. Qxh5 Bxd4 34. Bxd4 Qxe6 35. Kh2 f5 36. Rc1 Rgc8 37. Rxc7+ Rxc7 38. g4 fxg4 39. Rg1 g3+ 40. Rxg3 Bc8 41. Rg5 Bb7 42. Re5 Qf7 43. Qxf7+ Rxf7 44. Bxb6 a4 45. Bc2 Bc6 46. Re6 Bd7 47. Rd6 Kg7 48. Rxd5 Nf6 49. Bd4 Re7 50. Rd6 Re2+ 51. Kg1 Rxc2 52. Rxd7+ Kg6 53. Rd6 Kf5 54. Rxf6+ Ke4 55. Bc3 Kf3 56. Re6 Rg2+ 57. Kh1 Rg4 58. f5 h5 59. Rg6 Rf4 60. f6 Kf2 61. Rg2+ Kf1 62. Rh2 h4 63. Be5 Rf5 64. Rxh4 Rxe5 65. Rf4+ 1-0